100 Most valuable LaLiga Players (Feb. 2024) - Statistics

General Stats
  • This quiz has been taken 227 times
  • The average score is 60 of 100
Answer Stats
Hint age € (m) Answer % Correct
1 Real Madryt Flag of England AM 20 180 Jude Bellingham
99%
2 Real Madryt Flag of Brazil LW 23 150 Vinícius Júnior
99%
3 Real Madryt Flag of Brazil RW 23 100 Rodrygo
98%
5 FC Barcelona Flag of Spain CM 19 90 Gavi
96%
FC Barcelona Flag of Spain CM 21 90 Pedri
96%
Real Madryt Flag of France CM 21 90 Eduardo Camavinga
95%
Real Madryt Flag of Uruguay CM 25 100 Federico Valverde
95%
9 FC Barcelona Flag of the Netherlands CM 26 80 Frenkie de Jong
94%
Real Madryt Flag of France DM 24 90 Aurélien Tchouaméni
93%
10 FC Barcelona Flag of Uruguay CB 24 70 Ronald Araújo
93%
Real Madryt Flag of Brazil CB 26 70 Éder Militão
90%
12 FC Barcelona Flag of France CB 25 60 Jules Koundé
90%
FC Barcelona Flag of Spain RW 16 60 Lamine Yamal
89%
Real Sociedad Flag of Japan RW 22 60 Takefusa Kubo
89%
FC Barcelona Flag of Brazil RW 27 50 Raphinha
87%
FC Barcelona Flag of Germany GK 31 35 Marc-André ter Stegen
85%
33 Real Madryt Flag of Austria CB 31 30 David Alaba
84%
Atlético Madryt Flag of Slovenia GK 31 35 Jan Oblak
84%
Real Madryt Flag of Belgium GK 31 35 Thibaut Courtois
84%
15 FC Barcelona Flag of Spain LB 20 50 Alejandro Balde
83%
Athletic Bilbao Flag of Spain LW 21 50 Nico Williams
82%
Atlético Madryt Flag of Argentina CM 29 30 Rodrigo de Paul
82%
FC Barcelona Flag of Denmark CB 27 40 Andreas Christensen
80%
22 FC Barcelona Flag of Portugal RB 29 40 João Cancelo
80%
FC Barcelona Flag of Portugal LW 24 40 João Félix
79%
Real Sociedad Flag of Spain LW 26 50 Mikel Oyarzabal
79%
43 Real Madryt Flag of Germany CB 30 25 Antonio Rüdiger
77%
57 FC Barcelona Flag of Poland F 35 20 Robert Lewandowski
76%
Atlético Madryt Flag of France F 32 25 Antoine Griezmann
75%
Athletic Bilbao Flag of Ghana RW 29 25 Iñaki Williams
75%
Real Madryt Flag of France LB 28 20 Ferland Mendy
74%
28 FC Barcelona Flag of Spain LW 23 35 Ferran Torres
74%
21 Atlético Madryt Flag of Argentina RB 25 45 Nahuel Molina
73%
Real Sociedad Flag of Spain CM 27 50 Mikel Merino
72%
FC Barcelona Flag of Brazil F 18 40 Vitor Roque
71%
Atlético Madryt Flag of Uruguay CB 29 30 José María Giménez
70%
71 FC Barcelona Flag of Germany CM 33 18 İlkay Gündoğan
68%
Real Madryt Flag of Turkey AM 18 15 Arda Güler
66%
Real Sociedad Flag of Spain DM 24 50 Martín Zubimendi
66%
95 Real Madryt Flag of Germany CM 34 14 Toni Kroos
66%
Real Madryt Flag of Spain GK 29 20 Kepa Arrizabalaga
65%
Athletic Bilbao Flag of Spain GK 26 25 Unai Simón
65%
Atlético Madryt Flag of Spain CM 32 14 Koke
63%
42 Girona FC Flag of Ukraine F 26 28 Artem Dovbyk
60%
Valencia CF Flag of Spain LB 28 30 José Gayà
60%
Girona FC Flag of Brazil LW 19 30 Sávio
60%
Real Sociedad Flag of Spain CB 27 40 Robin Le Normand
59%
Atlético Madryt Flag of Spain F 31 20 Álvaro Morata
58%
Atlético Madryt Flag of Spain CM 29 30 Marcos Llorente
57%
Real Madryt Flag of Spain AM 24 20 Brahim Díaz
56%
Real Madryt Flag of Spain LB 24 15 Fran García
56%
Valencia CF Flag of Georgia GK 23 30 Giorgi Mamardashvili
56%
Atlético Madryt Flag of Argentina RW 28 20 Ángel Correa
54%
Real Sociedad Flag of Spain GK 28 25 Álex Remiro
53%
Real Sociedad Flag of Scotland LB 26 18 Kieran Tierney
53%
Atlético Madryt Flag of Spain CB 28 25 Mario Hermoso
53%
Athletic Bilbao Flag of Spain AM 23 35 Oihan Sancet
53%
Atlético Madryt Flag of Brazil LW 24 25 Samuel Lino
53%
Sevilla FC Flag of Morocco F 26 18 Youssef En-Nesyri
53%
Villarreal CF Flag of Norway F 28 14 Alexander Sørloth
52%
Villarreal CF Flag of Spain F 31 15 Gerard Moreno
52%
Villarreal CF Flag of Argentina RB 26 25 Juan Foyth
52%
Girona FC Flag of Spain CM 26 20 Aleix García
51%
Girona FC Flag of Ukraine RW 26 25 Viktor Tsygankov
51%
Villarreal CF Flag of Spain RW 21 30 Yéremy Pino
51%
RCD Mallorca Flag of Kosovo F 29 15 Vedat Muriqi
49%
Girona FC Flag of Spain CB 23 15 Eric García
48%
Atlético Madryt Flag of Spain CM 20 25 Pablo Barrios
47%
Atlético Madryt Flag of Belgium CM 18 30 Arthur Vermeeren
46%
CA Osasuna Flag of Spain CB 29 14 David García
46%
Real Sociedad Flag of Spain AM 27 40 Brais Méndez
45%
Sevilla FC Flag of Switzerland (Pantone) CM 26 18 Djibril Sow
45%
55 Real Betis Balompié Flag of Argentina DM 29 24 Guido Rodríguez
44%
Real Betis Balompié Flag of Portugal GK 29 15 Rui Silva
44%
Getafe CF Flag of Spain F 26 15 Borja Mayoral
43%
79 FC Barcelona Flag of Spain CM 20 15 Fermín López
43%
Atlético Madryt Flag of Spain LW 23 25 Rodrigo Riquelme
43%
Girona FC Flag of Venezuela (state) CM 26 20 Yangel Herrera
43%
Girona FC Flag of Spain LB 22 20 Miguel Gutiérrez
40%
77 Atlético Madryt Flag of Mozambique LB 30 16 Reinildo Mandava
40%
Real Sociedad Flag of Nigeria F 27 16 Umar Sadiq
40%
Sevilla FC Flag of Belgium RW 26 15 Dodi Lukébakio
39%
Girona FC Flag of Spain RB 20 15 Arnau Martínez
38%
Athletic Bilbao Flag of Spain CB 24 20 Dani Vivian
38%
Villarreal CF Flag of Portugal LW 27 18 Gonçalo Guedes
38%
56 Real Sociedad Flag of Spain CB 26 22 Igol Zubeldia
38%
Celta de Vigo Flag of Norway F 23 15 Jørgen Strand Larsen
38%
Deportivo Alavés Flag of Spain F 19 20 Samu Omorodion
37%
Real Sociedad Flag of Spain LW 22 20 Ander Barrenetxea
35%
Villarreal CF Flag of Denmark GK 21 15 Filip Jørgensen
35%
Celta de Vigo Flag of Côte d'Ivoire LW 27 14 Jonathan Bamba
35%
Villarreal CF Flag of Spain AM 22 25 Álex Baena
34%
Real Sociedad Flag of Russia AM 20 15 Arsen Zakharyan
33%
Real Betis Balompié Flag of Morocco LW 22 15 Abde Ezzalzouli
31%
Valencia CF Flag of Portugal CM 23 20 André Almeida
31%
Valencia CF Flag of Spain CM 20 20 Javi Guerra
30%
Sevilla FC Flag of France DM 24 14 Boubakary Soumaré
27%
CA Osasuna Flag of Spain AM 22 15 Aimar Oroz
26%
Real Betis Balompié Flag of Spain LW 18 15 Assane Diao
24%
76 Real Betis Balompié Flag of Spain AM 27 17 Pablo Fornals
23%
No matching quizzes found
Score Distribution
Percent of People with Each Score
Percentile by Number Answered
Your Score History
You have not taken this quiz